000 00730nam a2200181Ia 4500
008 090630s9999 xx 000 0 und d
082 _b20618
100 _aसाठवणे पां. आ.
245 _aजिरे आणि धने यांचा औषधी उपयोग.
_cसाठवणे पां. आ.
260 _bअनिकेत - पुणे.
_c2001
300 _a16
600 _aसाठवणे पां. आ.
630 _aजिरे आणि धने यांचा औषधी उपयोग.
655 _aइतर.
700 _aसाठवणे पां. आ.
730 _aजिरे आणि धने यांचा औषधी उपयोग.
942 _cBOOK
999 _c272474
_d272474